00765 a2200193 450000100060000002000180000604000240002410000250004824000480007324500430012130000090016436200090017365000310018294200070021395201040022095201240032495201060044899900170055414498 a9788561167325 cAnchieta - Aquarius aMont'Alverne, Rosana10aO ovo amarelinho da galinha do vizinholpor10aO ovo amarelinho da galinha do vizinho a32p.0 a2011 4aLiteratura infanto-juvenil cBK 00104070a87.1b87.1d2023-11-21l0o028.5 MON OVOp6369/AQUr2023-11-21 15:14:28w2023-11-21yBK 00104070a91.4bCPLd2023-11-21l1oLI 028.5 M763o MON OVOp3388/BELr2023-11-21 17:51:35s2023-11-21w2023-11-21yBK 00104070a88.1b88.1d2023-11-21l0oLI 028.5 MON OVOp189/ITAr2023-11-21 20:02:52w2023-11-21yBK c14498d14498